Southville International School and Colleges
Your cart is empty.
  • Cart
  • Lists
    Public lists Eva Luna New books Lux_list list_1
    Your lists Log in to create your own lists
  • Log in to your account
  • Your cookies
  • Search history
Southville International School and Colleges
  • Advanced search
  • Recent comments
  • Most popular
  • Libraries

Log in to your account

Log in with GOOGLE


If you do not have an external account, but do have a local account, you can still log in:

  1. Home
  2. MARC view: Bug in a rug :
Normal view MARC view ISBD view

Bug in a rug : (Record no. 103690)

[ view plain ]
MARC details
000 -LEADER
fixed length control field 00696nam a2200193 a 4500
005 - DATE AND TIME OF LATEST TRANSACTION
control field 20140412111306.0
008 - FIXED-LENGTH DATA ELEMENTS--GENERAL INFORMATION
fixed length control field 010425s19uu xx 00 eng d
020 ## - INTERNATIONAL STANDARD BOOK NUMBER
International Standard Book Number 0-688-12210-8
050 ## - LIBRARY OF CONGRESS CALL NUMBER
Classification number TR(PS E
Item number Bu85 1996
100 ## - MAIN ENTRY--PERSONAL NAME
Personal name Cole, Joanna
245 ## - TITLE STATEMENT
Title Bug in a rug :
Remainder of title reading fun for just-beginners /
Statement of responsibility, etc Joanna Cole and Stephanie Calmenson.
260 ## - PUBLICATION, DISTRIBUTION, ETC. (IMPRINT)
Place of publication, distribution, etc New York :
Name of publisher, distributor, etc A Mulberry Paperback Back,
Date of publication, distribution, etc 1996.
300 ## - PHYSICAL DESCRIPTION
Extent 47p. ; ill.
520 ## - SUMMARY, ETC.
Summary, etc Includes simple stories and poems, labeled reading and rebuses to help young children discover the pleasure of reading.
650 ## - SUBJECT ADDED ENTRY--TOPICAL TERM
Topical term or geographic name as entry element Children's literature, American
650 ## - SUBJECT ADDED ENTRY--TOPICAL TERM
Topical term or geographic name as entry element Literature-Collections
650 ## - SUBJECT ADDED ENTRY--TOPICAL TERM
Topical term or geographic name as entry element Alphabet
Holdings
Withdrawn status Lost status Damaged status Home library Current library Shelving location Date acquired Source of acquisition Cost, normal purchase price Total Checkouts Full call number Barcode Date last seen Price effective from Koha item type
      Elizalde Library Elizalde Library Teachers Reference Section 04/25/2001   189.50   TR(PS E Bu85 1996 E5727 04/12/2014 04/12/2014 Books

Bug in a rug :

APA

Cole J., . (1996). Bug in a rug. New York: A Mulberry Paperback Back.

Chicago

Cole Joanna, . 1996. Bug in a rug. New York: A Mulberry Paperback Back.

Harvard

Cole J., . (1996). Bug in a rug. New York: A Mulberry Paperback Back.

MLA

Cole Joanna, . Bug in a rug. New York: A Mulberry Paperback Back. 1996.

  • Place hold
  • Print
  • Cite
  • Add to your cart (remove)
  • Save record
    BIBTEX Dublin Core MARCXML MARC (non-Unicode/MARC-8) MARC (Unicode/UTF-8) MARC (Unicode/UTF-8, Standard) MODS (XML) RIS
  • More searches
    Search for this title in:
    Other Libraries (WorldCat) Other Databases (Google Scholar) Online Stores (Bookfinder.com) Open Library (openlibrary.org)

Exporting to Dublin Core...

SOUTHVILLE LIBRARY

Southville International School and Colleges Library

1281 Tropical Ave. Cor. Luxembourg St., BF Homes International, Las Pinas City

Tel. No. 8256374 / 252358 Loc. 117/146

Powered by Koha